Score 0/150 Timer 05:00
13 Plays Today
% Correct
October holiday,
shares part of its
name with the last
Harry Potter book
100%
February holiday,
celeration of love
and romance, Harry
asks Cho out
99.7%
Popular Halloween
costume, accessories
include pointed hat
and broomstick
97.1%
Halloween
94.8%
1st animal of
the Chinese zodiac,
small rodent or pet
for wizards
94.8%
UK holiday
observed on Nov 5,
celebrates a failed
arsonist or phoenix
94.3%
Home country
of Saint Patrick, or
Quidditch world
champions
93.5%
Popular Halloween
costume, accessories
include a white sheet
with holes
93.1%
October holiday
observed in America,
honors a navigator
and film maker
92.9%
Germanic holiday
now associated with
Christmas logs, or a
ball for wizards
92.8%
Ghost
91.8%
Witch
91.4%
Valentine's
Day
91.4%
11th animal of
the Chinese zodiac,
can be named Toto,
Lassie or Sirius
91.4%
6th animal of the
Chinese zodiac, coils
up on the ground or
on Voldy's lap
91%
Ireland
90.8%
Rat
89.1%
Orange vegetable
carved on Halloween,
can be made into
pie or juice
89.1%
Bludger incoming !
Answering this question
will penalize you
89.1%
5th animal of
the Chinese zodiac,
legendary reptile or
Hagrid's pet
87.4%
Dog
87.2%
Building said to
be inhabited by
spirits, like the
Shrieking Shack
87.2%
Bludger incoming !
Answering this question
will penalize you
87.2%
Notorious twin
pranksters Fred and
George Weasley were
born on this holiday
86.6%
Almost there !
Answering this question
will end the quiz
86.6%
Snake
84.7%
Guy Fawkes
Night
84.6%
Yule
83.4%
Dragon
82.9%
Columbus
Day
81.2%
Awch !
80.6%
April Fools'
Day
76.3%
CONGRATULATIONS!

You caught the
Golden Snitch and
won 150 points!

Not so popular Halloween
costume: Ron's dress robes
76.3%
76.3%
Awch !
76.3%
76.3%
76.3%
76.3%
76.3%
76.3%
76.3%
76.3%
76.3%
76.3%
76.3%
76.3%
76.3%
76.3%
76.3%
76.3%
% Correct
76.3%
76.3%
76.3%
76.3%
76.3%
76.3%
76.3%
76.3%
76.3%
76.3%
76.3%
76.3%
76.3%
76.3%
76.3%
76.3%
76.3%
76.3%
76.3%
76.3%
76.3%
76.3%
76.3%
76.3%
76.3%
76.3%
76.3%
76.3%
76.3%
76.3%
76.3%
76.3%
76.3%
76.3%
76.3%
76.3%
76.3%
76.3%
76.3%
76.3%
76.3%
76.3%
76.3%
76.3%
76.3%
76.3%
76.3%
76.3%
76.3%
76.3%
% Correct
76.3%
76.3%
76.3%
76.3%
76.3%
76.3%
76.3%
76.3%
76.3%
76.3%
76.3%
76.3%
76.3%
76.3%
76.3%
76.3%
76.3%
76.3%
76.3%
76.3%
76.3%
76.3%
76.3%
76.3%
76.3%
76.3%
76.3%
76.3%
76.3%
76.3%
76.3%
76.3%
76.3%
76.3%
76.3%
76.3%
76.3%
76.3%
76.3%
76.3%
76.3%
76.3%
76.3%
76.3%
76.3%
76.3%
76.3%
76.3%
75.2%
69.7%
Come Together.
Have Fun.
All Virtual.
We all need to come together. Play Sporcle's virtual live trivia to have fun, connect with people, and get your trivia on. Join a live hosted trivia game for your favorite pub trivia experience done virtually. If a virtual private party is more your thing, go here for details.

You're not logged in!

Compare scores with friends on all Sporcle quizzes.
OR
Log In

Sporcle TV

Today on Sporcle TV


Watch our educational content, quiz creation guides, and fun videos on Sporcle TV.

Show Comments

Extras

Top Quizzes Today


Score Distribution

Paid Content

Your Account Isn't Verified!

In order to create a playlist on Sporcle, you need to verify the email address you used during registration. Go to your Sporcle Settings to finish the process.

Report this User

Report this user for behavior that violates our Community Guidelines.

Details: